000 00304nam a2200133Ia 4500
008 191201s2005 xx 000 0 und d
100 _aPAI, Anant
245 0 _aHow to Achieve Success
250 _a12th
260 _aN.Delhi
_bUBSPD,
_c2005
300 _a82
650 _aGeneral Books
942 _2ddc
_cBK
999 _c2123
_d2123